|
|
|
|
| LEADER |
01784nam a2200433 a 4500 |
| 001 |
EBC714460 |
| 003 |
MiAaPQ |
| 005 |
20200520144314.0 |
| 006 |
m o d | |
| 007 |
cr cn||||||||| |
| 008 |
110303s2011 dcuad sb 001 0 eng d |
| 010 |
|
|
|z 2011009181
|
| 020 |
|
|
|z 9780821387245
|
| 020 |
|
|
|a 9780821387252 (electronic bk.)
|
| 035 |
|
|
|a (MiAaPQ)EBC714460
|
| 035 |
|
|
|a (Au-PeEL)EBL714460
|
| 035 |
|
|
|a (CaPaEBR)ebr10477342
|
| 035 |
|
|
|a (CaONFJC)MIL313427
|
| 035 |
|
|
|a (OCoLC)733549984
|
| 040 |
|
|
|a MiAaPQ
|c MiAaPQ
|d MiAaPQ
|
| 043 |
|
|
|a as-----
|
| 050 |
|
4 |
|a HB3636.5.A3
|b C37 2011
|
| 082 |
0 |
4 |
|a 362.196/9800954
|2 22
|
| 245 |
0 |
0 |
|a Capitalizing on the demographic transition
|h [electronic resource] :
|b tackling noncommunicable diseases in South Asia /
|c Michael Maurice Engelgau ... [et al.].
|
| 260 |
|
|
|a Washington, D.C. :
|b World Bank,
|c c2011.
|
| 300 |
|
|
|a xviii, 184 p. :
|b ill.
|
| 490 |
1 |
|
|a Directions in development : human development
|
| 504 |
|
|
|a Includes bibliographical references and index.
|
| 505 |
0 |
|
|a pt. 1. What is happening and its implications -- pt. 2. Why the need to act now -- pt. 3. How to respond.
|
| 533 |
|
|
|a Electronic reproduction. Ann Arbor, MI : ProQuest, 2015. Available via World Wide Web. Access may be limited to ProQuest affiliated libraries.
|
| 650 |
|
0 |
|a Demographic transition
|z South Asia.
|
| 650 |
|
0 |
|a Public health
|x Economic aspects
|z South Asia.
|
| 650 |
|
0 |
|a Medical economics
|z South Asia.
|
| 655 |
|
4 |
|a Electronic books.
|
| 700 |
1 |
|
|a Engelgau, Michael Maurice.
|
| 710 |
2 |
|
|a World Bank.
|
| 710 |
2 |
|
|a ProQuest (Firm)
|
| 830 |
|
0 |
|a Directions in development (Washington, D.C.).
|p Human development.
|
| 856 |
4 |
0 |
|u https://ebookcentral.proquest.com/lib/matrademy/detail.action?docID=714460
|z Click to View
|